Giáo trình kí họa T.3 Giáo trình kí họa
Trình bày vai trò và đậm nhạt trong vẽ kí hoạ, trong học tập, sáng tác mỹ thuật, vẽ kí hoạ bằng màu bột và một số chất liệu khác. Hướng dẫn phương pháp vẽ kí hoạ sâu dáng (đen trắng), hoạ cảnh và người bằng màu bột, màu goát, kèm theo các bài ứng dụng, câu hỏi củng cố, hướng dẫn thực hiện, tham khảo...
Sparad:
| Huvudupphovsman: | |
|---|---|
| Materialtyp: | Bok |
| Språk: | Vietnamese |
| Publicerad: |
H.
Đại học Sư phạm
2008
|
| Upplaga: | In lần thứ 2 |
| Ämnen: | |
| Taggar: |
Lägg till en tagg
Inga taggar, Lägg till första taggen!
|
| Thư viện lưu trữ: | Mạng thư viện Đại học Đà Nẵng |
|---|
| LEADER | 01855aam a22004218a 4500 | ||
|---|---|---|---|
| 001 | 000023140 | ||
| 003 | 19589 | ||
| 005 | 20150603150605.0 | ||
| 008 | 150601s2008 viesd | ||
| 020 | |c 36000đ |d 1000b | ||
| 041 | 0 | |a vie | |
| 082 | 1 | 4 | |2 14 |a 741.2 |b TR-L |
| 100 | 1 | |a Triệu Khắc Lễ | |
| 245 | 1 | 0 | |a Giáo trình kí họa |c Triệu Khắc Lễ |n T.3 |p Giáo trình kí họa |
| 246 | |a Giáo trình ký họa | ||
| 250 | |a In lần thứ 2 | ||
| 260 | |a H. |b Đại học Sư phạm |c 2008 | ||
| 300 | |a 1687 tr. |b minh hoạ |c 24 cm. | ||
| 500 | |a Đầu bìa sách ghi: Bộ Giáo dục và Đào tạo. Dự án Đào tạo giáo viên THCS | ||
| 504 | |a Thư mục ở đầu sách | ||
| 520 | |a Trình bày vai trò và đậm nhạt trong vẽ kí hoạ, trong học tập, sáng tác mỹ thuật, vẽ kí hoạ bằng màu bột và một số chất liệu khác. Hướng dẫn phương pháp vẽ kí hoạ sâu dáng (đen trắng), hoạ cảnh và người bằng màu bột, màu goát, kèm theo các bài ứng dụng, câu hỏi củng cố, hướng dẫn thực hiện, tham khảo sau mỗi phần | ||
| 650 | 0 | 4 | |a Ký họa |v Giáo trình |
| 650 | 7 | |2 Bộ TK TVQG | |
| 653 | |a Mĩ thuật | ||
| 653 | |a Kí họa | ||
| 653 | |a Mỹ thuật | ||
| 655 | 7 | |2 Bộ TK TVQG |a Giáo trình | |
| 773 | |d Đại học Sư Phạm |d H. |d 2011 |t Kí họa |w 19586 | ||
| OWN | |a LSP | ||
| AVA | |a UDN50 |b LSP |d 741.2 TR-L |e available |t Error 5001 Not defined in file expand_doc_bib_avail. |f 2 |g 0 |h N |i 0 |k 1 | ||
| 999 | |a From the UDN01 | ||
| AVA | |a UDN50 |b LSP |d 741.2 TR-L |e available |t Error 5001 Not defined in file expand_doc_bib_avail. |f 2 |g 0 |h N |i 0 |k 1 | ||
| TYP | |a Monograph | ||
| TYP | |a Printed language | ||
| 980 | |a Mạng thư viện Đại học Đà Nẵng | ||